| 000 | 00332nam a22001457a 4500 | ||
|---|---|---|---|
| 003 | SGT | ||
| 082 |
_a612.012 _bP15J |
||
| 100 | _aJOSHI,VIMAL.R | ||
| 245 | _aPRACTICAL BOOK OF BHAISAJYA KALPANA | ||
| 260 |
_aVARANASI _bCHAUKHAMBHA _c2015 |
||
| 300 | _a290 | ||
| 650 | _aBHAISAJYA KALPANA | ||
| 653 | _aBHAISAJYA | ||
| 942 |
_2ddc _cBK _05 |
||
| 999 |
_c8356 _d8356 |
||